000 00423nam a2200145Ia 4500
008 100122s9999 xx 000 0 und d
082 _b67831
_a821
100 _aपाडगावकर मंगेश
245 _aसूर आनंदघन
260 _bमौज प्रकाशन
_c2005
300 _a65
630 _aसूर आनंदघन
730 _aसूर आनंदघन
942 _cBOOK
999 _c439663
_d439660